| 000 | 00485nam a22001817a 4500 | ||
|---|---|---|---|
| 003 | CEME | ||
| 005 | 20210628204027.0 | ||
| 008 | 210114b xxu||||| |||| 00| 0 eng d | ||
| 020 | _a0387953663 | ||
| 040 | _cceme | ||
| 082 | _a511.42 DEB | ||
| 100 |
_aDe Boor, Carl _910590 |
||
| 245 | _aA practical guide to splines , revised edition | ||
| 260 |
_aNEW YORK _bSPRINGER _c2001 |
||
| 300 | _aXVIII, 345P | ||
| 650 |
_aSPLINES.A PRACTICAL GUIDE TO SPLINES. _968325 |
||
| 942 |
_cBK _2ddc |
||
| 999 |
_c575924 _d575924 |
||